Derecho agrario : apuntes para una teoría del derecho agrario mexicano /

Contiene: Resumen histórico; La reforma agraria en México; Importancia y autonomía del derecho agrario; Los sujetos agrarios; De los objetos o bienes agrarios; Las estructuras y las actividades agrarias; Los hechos y los actos jurídicos agrarios; Fines, principios y normas de derecho agrario; Defini...

Celý popis

Uloženo v:
Podrobná bibliografie
Hlavní autor: González Hinojosa, Manuel (autor)
Médium: Kniha
Jazyk:španělština
Vydáno: México : Jus, 1975, c1975
Témata:
Tagy: Přidat tag
Žádné tagy, Buďte první, kdo vytvoří štítek k tomuto záznamu!

MARC

LEADER 00000nam^a2200000^a^4500
001 000261254
005 20250521000000.0
009 20260310110505.671
037 |a Acervo Xavier Clavigero 
041 |a ESP 
082 |a 346. 72074  |b GON 
100 |a González Hinojosa, Manuel  |e (autor) 
245 1 0 |a Derecho agrario :  |b apuntes para una teoría del derecho agrario mexicano /  |c M. González Hinojosa. 
264 4 |a México :  |b Jus,  |c 1975, c1975 
300 |a 276 p. 
336 |a texto  |b txt  |2 rdacontenido 
337 |a sin mediación  |b n  |2 rdamedio 
338 |a volumen  |b nc  |2 rdasoporte 
520 |a Contiene: Resumen histórico; La reforma agraria en México; Importancia y autonomía del derecho agrario; Los sujetos agrarios; De los objetos o bienes agrarios; Las estructuras y las actividades agrarias; Los hechos y los actos jurídicos agrarios; Fines, principios y normas de derecho agrario; Definición, clasificación y división del derecho agrario; Fuentes del derecho agrario; Relaciones del derecho agrario y otras ramas del conocimiento; El derecho agrario y otras ramas del derecho; Bases constitucionales del derecho agrario mexicano; Jurisprudencia de la Suprema Corte de Justicia de la Nación. 
649 |a XX 
650 |a Jurisprudencia -  |z México 
650 |a Derecho Agrario -  |z México -  |x Tema Principal 
650 |a Derecho Agrario -  |x Teoría 
650 |a Derecho Social -  |z México 
650 |a Derecho Público -  |z México 
910 |a Fondo General 
920 |a Impresos - Libros 
930 |a Colección General 
905 |a 101 
901 |a 047803  |b IT1  |c ACC  |u 20250521 
902 |a https://opac.biblio.iteso.mx/vufind/Record/000261254